00207nam a2200061Ia 4500100002500000245011100025260000900136 aSharma, Pawan Kumar. 0aDynamics of local self government in India and Franceb: a case study of Faridabad and Issy-Les Moulineaux c2006